<?xml version="1.0" encoding="UTF-8"?>
<record
    xmlns:xsi="http://www.w3.org/2001/XMLSchema-instance"
    xsi:schemaLocation="http://www.loc.gov/MARC21/slim http://www.loc.gov/standards/marcxml/schema/MARC21slim.xsd"
    xmlns="http://www.loc.gov/MARC21/slim">

  <leader>02049nam a2200301 a 4500</leader>
  <controlfield tag="001">BRCA_4931</controlfield>
  <controlfield tag="005">20190320204850.0</controlfield>
  <controlfield tag="008">211010s1812----mx-#######---#000-0#spa-#</controlfield>
  <datafield tag="041" ind1=" " ind2=" ">
    <subfield code="a">spa</subfield>
  </datafield>
  <datafield tag="044" ind1=" " ind2=" ">
    <subfield code="a">mx</subfield>
  </datafield>
  <datafield tag="084" ind1=" " ind2=" ">
    <subfield code="a">DOC34</subfield>
    <subfield code="b">.M67</subfield>
    <subfield code="c">1812</subfield>
  </datafield>
  <datafield tag="100" ind1="1" ind2=" ">
    <subfield code="a">Morelos y Pav&#xF3;n, Jos&#xE9; Mar&#xED;a</subfield>
    <subfield code="d">1765-1815</subfield>
    <subfield code="9">7961</subfield>
  </datafield>
  <datafield tag="245" ind1="1" ind2="0">
    <subfield code="a">Documento firmado por Jos&#xE9; Mar&#xED;a Morelos y Pav&#xF3;n</subfield>
    <subfield code="c">Jos&#xE9; Mar&#xED;a Morelos y Pav&#xF3;n, Don Jos&#xE9; Sixto Verduzco</subfield>
  </datafield>
  <datafield tag="260" ind1=" " ind2=" ">
    <subfield code="a">M&#xE9;xico</subfield>
    <subfield code="c">1812</subfield>
  </datafield>
  <datafield tag="300" ind1=" " ind2=" ">
    <subfield code="a">[4] fojas</subfield>
    <subfield code="c">21 x 15 cm</subfield>
  </datafield>
  <datafield tag="500" ind1=" " ind2=" ">
    <subfield code="a">Documento firmado el 4 de septiembre de 1812</subfield>
  </datafield>
  <datafield tag="500" ind1=" " ind2=" ">
    <subfield code="a">Documento aut&#xF3;grafa de Don Jos&#xE9; Mar&#xED;a Morelos y Pav&#xF3;n dirigida al se&#xF1;or Don Jos&#xE9; Sixto Verduzco, Vocal de la Junta de Sultepec, fechada en el Cuartel General de Tehuac&#xE1;n el 14 de septiembre de 1812. En ella Morelos da cuenta a Verduzco de haber recibido comunicaci&#xF3;n del se&#xF1;or presidente de la Suprema Junta, Lic. Don Ignacio L&#xF3;pez Ray&#xF3;n notificandoles sus nombramientos de Capit&#xE1;n General y Vocal de la misma, as&#xED; como el plan adoptado de dividir a la insurgencia para despitar al enemigo, conforme al cual, Morelos debia dirigirse al Sur; Verdusco al Poniente; Liceaga al Norte y Ray&#xF3;n al Oriente. En la misma comunicaci&#xF3;n, le informa c&#xF3;mo en la bajada de Llanos a Veracruz, se registrar&#xF3;n algunos problemas contrarios a la insurgencia que resfri&#xF3; el entusiasmo de la misma, y mientas algunos se indultaran, otros se dirigian a Sultepec en busca de remedio a sus males</subfield>
  </datafield>
  <datafield tag="500" ind1=" " ind2=" ">
    <subfield code="a">El documento tiene la leyenda DOC. #43</subfield>
  </datafield>
  <datafield tag="500" ind1=" " ind2=" ">
    <subfield code="a">Estado de conservaci&#xF3;n: Contiene acidificaci&#xF3;n</subfield>
  </datafield>
  <datafield tag="506" ind1="0" ind2=" ">
    <subfield code="a">Fondo reservado: para su consulta es necesario credencial de usuario y carta de motivos</subfield>
  </datafield>
  <datafield tag="546" ind1=" " ind2=" ">
    <subfield code="a">Texto en: espa&#xF1;ol de principios del siglo XIX</subfield>
  </datafield>
  <datafield tag="600" ind1="1" ind2="4">
    <subfield code="a">Morelos y Pav&#xF3;n, Jos&#xE9; Mar&#xED;a</subfield>
    <subfield code="d">1765-1815</subfield>
    <subfield code="9">7961</subfield>
  </datafield>
  <datafield tag="651" ind1=" " ind2="4">
    <subfield code="a">M&#xE9;xico</subfield>
    <subfield code="v">Manuscrito</subfield>
    <subfield code="x">Historia</subfield>
    <subfield code="y">Guerra de Independencia, 1810-1821</subfield>
    <subfield code="9">12432</subfield>
  </datafield>
  <datafield tag="700" ind1="1" ind2=" ">
    <subfield code="a">Sixto Verduzco, Jos&#xE9;</subfield>
    <subfield code="d">1770-1830</subfield>
    <subfield code="9">12515</subfield>
  </datafield>
  <datafield tag="700" ind1="1" ind2=" ">
    <subfield code="a">L&#xF3;pez Ray&#xF3;n, Ignacio</subfield>
    <subfield code="d">1773-1832</subfield>
    <subfield code="9">12516</subfield>
  </datafield>
  <datafield tag="902" ind1=" " ind2=" ">
    <subfield code="a">FDH</subfield>
  </datafield>
  <datafield tag="942" ind1=" " ind2=" ">
    <subfield code="2">lcc</subfield>
    <subfield code="c">D</subfield>
  </datafield>
  <datafield tag="999" ind1=" " ind2=" ">
    <subfield code="c">4625</subfield>
    <subfield code="d">4625</subfield>
  </datafield>
  <datafield tag="952" ind1=" " ind2=" ">
    <subfield code="0">0</subfield>
    <subfield code="1">0</subfield>
    <subfield code="4">0</subfield>
    <subfield code="7">0</subfield>
    <subfield code="a">BRCA</subfield>
    <subfield code="b">BRCA</subfield>
    <subfield code="d">2010-10-21</subfield>
    <subfield code="l">0</subfield>
    <subfield code="o">DOC34 .M67 1812</subfield>
    <subfield code="p">4992</subfield>
    <subfield code="r">2019-03-22 00:00:00</subfield>
    <subfield code="w">2019-03-22</subfield>
    <subfield code="y">D</subfield>
  </datafield>
</record>
